书目信息 |
| 题名: |
计算思维与算法入门
|
|
| 作者: | 赵军 编著 | |
| 分册: | ||
| 出版信息: | 北京 机械工业出版社 2019.03 |
|
| 页数: | 207页 | |
| 开本: | 24cm | |
| 丛书名: | ||
| 单 册: | ||
| 中图分类: | O241 , TP301.6 | |
| 科图分类: | ||
| 主题词: | 计算方法--ji suan fang fa--思维方法 , 计算机算法--ji suan ji suan fa--基本知识 | |
| 电子资源: | ||
| ISBN: | 978-7-111-61876-8 | |
| 000 | 01100nam0 2200265 450 | |
| 001 | 202019135154 | |
| 005 | 20191007123107.0 | |
| 010 | @a978-7-111-61876-8@dCNY49.00 | |
| 099 | @aCAL 012019032939 | |
| 100 | @a20191003d2019 ekmy0chiy50 ea | |
| 101 | 0 | @achi |
| 102 | @aCN@b110000 | |
| 105 | @aa z 000yy | |
| 106 | @ar | |
| 200 | 1 | @a计算思维与算法入门@Aji suan si wei yu suan fa ru men@f赵军等编著 |
| 210 | @a北京@c机械工业出版社@d2019.03 | |
| 215 | @a207页@c图@d24cm | |
| 330 | @a本书精选计算思维与算法课程中核心的内容, 采用丰富的图例阐述常用数据结构与算法的基础知识和基本概念, 并结合范例诠释计算机科学中较为知名的分治法、贪心法、动态规划法、安全性算法、树结构的算法、改变程序功力的经典算法、游戏设计中的算法。为检验读者的学习成果, 本书在每一章的最后都安排了与本章重点内容相关的习题, 供读者操作演练, 以培养读者的逻辑思维能力。 | |
| 606 | 0 | @a计算方法@Aji suan fang fa@x思维方法 |
| 606 | 0 | @a计算机算法@Aji suan ji suan fa@x基本知识 |
| 690 | @aO241@v5 | |
| 690 | @aTP301.6@v5 | |
| 701 | 0 | @a赵军@Azhao jun@4编著 |
| 801 | 0 | @aCN@c20190905 |
| 905 | @a河南城建学院图书馆@dO241@eZ305 | |
| 计算思维与算法入门/赵军等编著.-北京:机械工业出版社,2019.03 |
| 207页:图;24cm |
| ISBN 978-7-111-61876-8:CNY49.00 |
| 本书精选计算思维与算法课程中核心的内容, 采用丰富的图例阐述常用数据结构与算法的基础知识和基本概念, 并结合范例诠释计算机科学中较为知名的分治法、贪心法、动态规划法、安全性算法、树结构的算法、改变程序功力的经典算法、游戏设计中的算法。为检验读者的学习成果, 本书在每一章的最后都安排了与本章重点内容相关的习题, 供读者操作演练, 以培养读者的逻辑思维能力。 |
| ● |
| 相关链接 |
|
|
|
正题名:计算思维与算法入门
索取号:O241/Z305
 
预约/预借
| 序号 | 登录号 | 条形码 | 馆藏地/架位号 | 状态 | 备注 |
| 1 | 1443658 | 214436582 | 自科库401/401自科库 49排4列2层/ [索取号:O241/Z305] | 在馆 | |
| 2 | 1443659 | 214436591 | 自科库401/401自科库 49排4列2层/ [索取号:O241/Z305] | 在馆 |